Procedimiento administrativo sancionador en la Ley No 19.880
Guardat en:
| Autor principal: | |
|---|---|
| Format: | Llibre |
| Idioma: | espanyol |
| Publicat: |
Santiago
Librotecnia
2017
|
| Edició: | 1a. ed |
| Col·lecció: | Derecho
|
| Matèries: | |
| Etiquetes: |
Afegir etiqueta
Sense etiquetes, Sigues el primer a etiquetar aquest registre!
|
MARC
| LEADER | 00000cam a2200000 a 4500 | ||
|---|---|---|---|
| 001 | UCD9380 | ||
| 003 | CL-VaPUC | ||
| 008 | 170616e20170500cl |||||||||||||||||spa|d | ||
| 020 | |a 9789563271553 | ||
| 082 | 0 | 4 | |a 342.8306 |b QUE |2 21 |
| 100 | 0 | |a Quezada Rodríguez, Flavio |e author |9 593081 | |
| 245 | 1 | 0 | |a Procedimiento administrativo sancionador en la Ley No 19.880 |
| 250 | |a 1a. ed | ||
| 300 | |a 175 p | ||
| 942 | |c BK | ||
| 945 | |d 20170616 21:05:00 |a arojas | ||
| 260 | |a Santiago |b Librotecnia |c 2017 | ||
| 650 | 0 | |a Derecho administrativo |9 254851 | |
| 650 | 0 | |a Procedimiento administrativo |9 256132 | |
| 650 | 0 | |a Administración pública |9 255343 | |
| 650 | 7 | |a LEY 19.880 |2 CL-VaPUC |9 593082 | |
| 583 | |a last modification |c 20170616 21:05:00 |k Rodrigo Vera | ||
| 490 | 0 | |a Derecho | |
| 999 | |c 368590 |d 368588 | ||
| 952 | |0 0 |1 0 |3 erb |4 0 |6 342_830600000000000_QUE_2017 |7 0 |8 A |9 483950 |a BIBDER |b BIBDER |i 5397928 |l 6 |m 2 |o 342.8306 QUE 2017 |p 5397928 |r 2023-01-25 |s 2022-09-28 |w 2019-11-24 |y BK |z Catalogado en:20170616 |k DER | ||